Perpectives on applied physical geogrpahy north Sc (Record no. 642051)

MARC details
000 -LEADER
fixed length control field 00676nam a2200241Ia 4500
003 - CONTROL NUMBER IDENTIFIER
control field OSt
005 - DATE AND TIME OF LATEST TRANSACTION
control field 20220926023639.0
008 - FIXED-LENGTH DATA ELEMENTS--GENERAL INFORMATION
fixed length control field 220923b |||||||| |||| 00| 0 eng d
020 ## - INTERNATIONAL STANDARD BOOK NUMBER
International Standard Book Number 0878721312
037 ## - SOURCE OF ACQUISITION
Terms of availability General Book
040 ## - CATALOGING SOURCE
Original cataloging agency RTL
Transcribing agency RTL
Language of cataloging eng
041 ## - LANGUAGE CODE
Source of code eng
Language code of text/sound track or separate title eng
100 ## - MAIN ENTRY--PERSONAL NAME
Personal name Oliver John E
9 (RLIN) 94936
245 #0 - TITLE STATEMENT
Title Perpectives on applied physical geogrpahy north Sc
260 ## - PUBLICATION, DISTRIBUTION, ETC.
Place of publication, distribution, etc. North
Name of publisher, distributor, etc. Scituate Duxbury Press
Date of publication, distribution, etc. 1977
300 ## - PHYSICAL DESCRIPTION
Extent xiv,315p. Glossary p. 300-07
Dimensions cm.
650 ## - SUBJECT ADDED ENTRY--TOPICAL TERM
Topical term or geographic name entry element Physical Geography
942 ## - ADDED ENTRY ELEMENTS (KOHA)
Classification part U2, L7
Koha item type General Books
Source of classification or shelving scheme Colon Classification (CC)
Holdings
Withdrawn status Lost status Damaged status Not for loan Home library Current library Date acquired Total Checkouts Full call number Barcode Date last seen Price effective from Koha item type
        Ratan Tata Library Ratan Tata Library 2022-09-26   U2 L7 RT0646319 2022-09-26 2022-09-26 General Books
Copyright @ Delhi University Library System